| 000 | 00585nam a22001817a 4500 | ||
|---|---|---|---|
| 005 | 20251108175051.0 | ||
| 008 | 250721s2012 xx 000 0 ara d | ||
| 082 | 1 | 4 | _a323/روس |
| 100 | 1 | _aروسو، جان جاك | |
| 245 | 1 | 0 | _aالعقد الاجتماعي أو (مبادئ الحقوق السياسية ) / |
| 264 | 1 |
_aالجيزة : _bمكتبة النافذة، _c2012. |
|
| 300 | _a182ص. | ||
| 650 | 1 | 7 | _aالحقوق المدنية و السياسية |
| 650 | 1 | 7 | _aالدولة |
| 700 | 1 |
_aزعيتر، عادل _eمترجم |
|
| 942 |
_2ddc _cBK |
||
| 999 |
_c125348 _d125348 |
||